Aplicación de las estrategias metodológicas de los rincones pedagógicos de Nivel Inicial de la Escuela Andrés Bello del Municipio de Moca, Provincia Espaillat, República Dominicana 2011-2012. (Record no. 359)

MARC details
000 -LEADER
campo de control de longitud fija 02875nam a2200577Ia 4500
001 - NÚMERO DE CONTROL
campo de control 393
008 - DATOS DE LONGITUD FIJA--INFORMACIÓN GENERAL
campo de control de longitud fija 241029s9999 xx 000 0 und d
010 ## - NÚMERO DE CONTROL DE LA BIBLIOTECA DEL CONGRESO
Número de control de LC 359
041 ## - CÓDIGO DE IDIOMA
Código de lengua del texto/banda sonora o título independiente Español
082 ## - NÚMERO DE LA CLASIFICACIÓN DECIMAL DEWEY
Número de clasificación MEI 12-001
245 #0 - MENCIÓN DEL TÍTULO
Título Aplicación de las estrategias metodológicas de los rincones pedagógicos de Nivel Inicial de la Escuela Andrés Bello del Municipio de Moca, Provincia Espaillat, República Dominicana 2011-2012.
260 ## - PUBLICACIÓN, DISTRIBUCIÓN, ETC.
Lugar de publicación, distribución, etc. Santiago
300 ## - DESCRIPCIÓN FÍSICA
Extensión 127
520 ## - RESUMEN, ETC.
Sumario, etc. 5
520 ## - RESUMEN, ETC.
Sumario, etc. El estudio planteó como objetivo general determinar el nivel de aplicación de las estrategias metodológicas de los rincones pedagógicos de Nivel Inicial de la Escuela Andrés Bello del Municipio de Moca Provincia Espaillat, República Dominicana 2011-2012.La investigación tuvo un carácter no experimental bajo el enfoque cuantitativo, ya que los resultados de la misma se realizaron de forma numérica. El método empleado fue deductivo. La población la conformaron un (1) director del Centro Educativo, cuatro (4) docentes que imparten docencia en el Inicial y los ciento veintisiete (127) alumnos, al igual que la familia.Los resultados del estudio evidenciaron, que el 100% de los docentes que laboran en el Nivel Inicial de la Escuela Andrés Bello del Municipio de Moca, han alcanzado un nivel académico de Licenciatura y Maestría en Educación Media. Notándose que ninguno se ha especializado en el área del Nivel Inicial. El 50% de los docentes que laboran en el Nivel Inicial afirmaron que es anual que reciben algún tipo de capacitación en los rincones pedagógicos. Esta formación continua que reciben los docentes son: talleres, diplomados y especialidades; siendo este último muy limitado.
630 ## - PUNTO DE ACCESO ADICIONAL DE MATERIA--TÍTULO UNIFORME
Título uniforme Adaptación Estudiantil
630 ## - PUNTO DE ACCESO ADICIONAL DE MATERIA--TÍTULO UNIFORME
Título uniforme Aprendizaje
630 ## - PUNTO DE ACCESO ADICIONAL DE MATERIA--TÍTULO UNIFORME
Título uniforme Centros Educativos
630 ## - PUNTO DE ACCESO ADICIONAL DE MATERIA--TÍTULO UNIFORME
Título uniforme Enseñanza
630 ## - PUNTO DE ACCESO ADICIONAL DE MATERIA--TÍTULO UNIFORME
Título uniforme Estrategia Metodológica
650 ## - PUNTO DE ACCESO ADICIONAL DE MATERIA--TÉRMINO DE MATERIA
Término de materia o nombre geográfico como elemento de entrada Calidad Docente
690 ## - PUNTO DE ACCESO ADICIONAL DE MATERIA LOCAL--TÉRMINO DE MATERIA (OCLC, RLIN)
Término de materia o nombre geográfico como elemento inicial Elaborado
700 ## - ENTRADA AGREGADA--NOMBRE PERSONAL
Término indicativo de función/relación asesor
Nombre de persona Mena, Miriam
700 ## - ENTRADA AGREGADA--NOMBRE PERSONAL
Término indicativo de función/relación autor
Nombre de persona Brito Miranda , Ana Ramona
700 ## - ENTRADA AGREGADA--NOMBRE PERSONAL
Término indicativo de función/relación autor
Nombre de persona Núñez Pérez, Alfaquenia Altagracia
901 ## - ELEMENTOS DE DATOS A LOCAL LDA (RLIN)
a {"1":"Brito Miranda ","2":"Núñez Pérez"}
b {"1":"Ana Ramona","2":"Alfaquenia Altagracia"}
902 ## - ELEMENTOS DE DATOS B LOCAL, LDB (RLIN)
a 1
903 ## - ELEMENTOS DE DATOS C LOCAL, LDC (RLIN)
a {"1":"Mena"}
b {"1":"Miriam"}
904 ## - ELEMENTOS DE DATOS D LOCAL, LDD (RLIN)
a Magíster en
905 ## - ELEMENTOS DE DATOS E LOCAL, LDE (RLIN)
a Ciencias de la Educación
906 ## - ELEMENTOS DE DATOS F LOCAL, LDF (RLIN)
a 1
907 ## - ELEMENTOS DE DATOS G LOCAL, LDG (RLIN)
a Mención en
908 ## - COLOCAR PARÁMETRO DE COMANDO (RLIN)
Colocar parámetro de comando Educación Inicial
909 ## -
-- Universidad Abierta para Adultos (UAPA), Recinto Santiago
910 ## - DATOS DE OPCIÓN DEL USUARIO (OCLC)
Datos de opción del usuario NULL
-- NULL
911 ## - EQUIVALENCIA O REFERENCIA-CRUZADA-NOMBRE DE CONFERENCIA O REUNIÓN/CONGRESO [LOCAL, CANADÁ]
Nombre de congreso/reunión o jurisdicción como elemento de entrada ["1"]
912 ## -
-- NO APLICA
913 ## -
-- NULL
914 ## -
-- 01 de Junio de 2012
915 ## -
-- 12/11/19 10:11
916 ## -
-- NULL
917 ## -
-- NULL
918 ## -
-- NO APLICA
919 ## -
-- ["8","18","33","202","223"]
921 ## -
-- 11
922 ## -
-- 11
923 ## -
-- 0
924 ## -
-- NO APLICA
942 ## - ELEMENTOS DE ENTRADA SECUNDARIOS (KOHA)
Tipo de ítem Koha

No items available.

© 2024. Todos los Derechos Reservados. Desarrollado por IDEICE